| 000 | 00664cam a22001817a 4500 | ||
|---|---|---|---|
| 003 | OSt | ||
| 005 | 20170424175240.0 | ||
| 008 | 170424s2011 deu 000 0 eng d | ||
| 020 | _a9783869620381 | ||
| 040 |
_aUCAR _bcat _cCDMR |
||
| 245 | 0 | 0 |
_aMapping media accountability _b: in Europe and beyond / _cTobias Eberwein, Susan Fengler, Epp Lauk, Tanja Leppik-Bork (eds.) |
| 260 |
_aKöln : _bHalem, _c2011 |
||
| 300 |
_a267 p. ; _c21 cm |
||
| 650 | 0 | 4 |
_aMitjans de comunicació de massa _zEuropa _xAspectes socials _92757 |
| 650 | 0 | 4 |
_aMitjans de comunicació de massa _xManipulació _93243 |
| 650 | 0 | 4 |
_aMitjans de comunicació de massa _xObjectivitat _9405 |
| 942 | _cMON | ||
| 999 |
_c7025 _d7025 |
||